LEADER 01280nam0 22003253i 450 001 PUV0805365 005 20231121125619.0 010 $a3487004976 100 $a20140919e19821917||||0itac50 ba 101 | $agrc$ager 102 $ade 181 1$6z01$ai $bxxxe 182 1$6z01$an 200 1 $a˜Die œhistorischen Personennamen der Griechischen bis zur Kaiserzeit$fFriedrich Bechtel 205 $a2. unveranderter reprographischer Nachdruck 210 $aHildesheim \etc.!$cOlms$d1982 215 $aXVI, 637 p.$d20 cm 300 $a2. ripr. facs. dell'ed.: Halle, 1917. 676 $a413.028$9Dizionari delle forme standard delle lingue. Lessicografia.$v22 676 $a483$9Dizionari del greco classico$v22 700 1$aBechtel$b, Friedrich$3SBLV104493$4070$0166178 790 1$aBechtel$b, Fritz$3SBNV028007$zBechtel, Friedrich 801 3$aIT$bIT-01$c20140919 850 $aIT-FR0017 899 $aBiblioteca umanistica Giorgio Aprea$bFR0017 $eN 912 $aPUV0805365 950 0$aBiblioteca umanistica Giorgio Aprea$d 52S.SIJ. G2 HPGK.Bec.$e 52FLS0000206495 VMB RS $fC $h20140919$i20140919 977 $a 52 996 $aHistorischen Personennamen der Griechischen bis zur Kaiserzeit$93614404 997 $aUNICAS LEADER 02003nam0 22004093i 450 001 RAV0031624 005 20251003044320.0 100 $a20010511d1987 ||||0itac50 ba 101 | $aita 102 $ait 181 1$6z01$ai $bxxxe 182 1$6z01$an 183 1$6z01$anc$2RDAcarrier 200 1 $aEducazione, comunita, sviluppo$el'impegno educativo di Adriano Olivetti$fSaverio Santamaita 210 $aRoma$cFondazione Adriano Olivetti$d[1987] 215 $a127 p.$d23 cm 225 | $aQuaderni della Fondazione Adriano Olivetti$v14 300 $aPubbl. fuori commercio 314 $aSC/BVE 25/01/97$9CFIV113621 410 0$1001CFI0036731$12001 $aQuaderni della Fondazione Adriano Olivetti$v14$171202$aFondazione Adriano Olivetti$3CFIV089563 606 $aOlivetti, Adriano$2FIR$3CFIC056450$9E 676 $a945.092092$9$v20 686 $a336.7$cSCUOLA ED EDUCAZIONE 1945-1968$2R 686 $aIT/3420.0$cPOLITICA E CULTURA ITALIA 1945-1968$2R 686 $aIT/3427.0$cCULTURA E ISTRUZIONE ITALIA 1945-1968$2R 686 $aIT/3430.0$cECONOMIA E SOCIETA ITALIA 1945-1968$2R 686 $aX0.1/OLIVETTI,ADRIANO$cBIOGRAFIE E SCRITTI SU ADRIANO OLIVETTI$2R 686 $aX09.0$cSCIENZE ECONOMICO-SOCIALI$2R 700 1$aSantamaita$b, Saverio$3CFIV113621$4070$0127560 801 3$aIT$bIT-000000$c20010511 850 $aIT-BN0095 901 $bNAP 01$cPOZZO LIB.$nVi sono collocati fondi di economia, periodici di ingegneria e scienze, periodici di economia e statistica e altri fondi comprendenti documenti di economia pervenuti in dono. 912 $aRAV0031624 950 0$aBiblioteca Centralizzata di Ateneo$c1 v.$d 01POZZO LIB.F. PARRAVICINI 159$e 0101 0600160405E VMA 1 v. + bigliettino da visita del segretario generale della Fondazione Adriano Olivetti, Dott. Giovanni Maggia (Precedente collocazione P 185)$fB $h20220727$i20220727 977 $a 01 996 $aEducazione Comunità Sviluppo$9859431 997 $aUNISANNIO